000 00828nam a2200277Ia 4500
999 _c2883
_d2883
001 408411
003 OCoLC
005 20181019104854.0
008 720918|1967||||||| |||| ||eng|u
035 _atcgc182566
035 0 1 _a1761
040 _cBLC
_dWBU
082 _a234.2
_bL634M
090 _aBT771.2
_b.L47
100 1 _aLeslie, Robert C.
_q(Robert Campbell),
_d1917-
245 1 0 _aMan's search for a meaningful faith
_b[study book]
260 _aNashville,
_bGraded Press
_c[1967]
300 _a191 p.
_billus.
_c21 cm.
490 1 _aFoundation studies in Christian faith
490 0 _aFoundation studies in Christian faith, part 1.
500 _aOne of a series of eight parts.
650 0 _aTheological anthropology.
650 0 _aFaith.
830 0 _aFoundation studies in Christian faith.
942 _2ddc
_cBK